Something Is Wrong With This Picture Quiz Stats

 Plays Quiz Updated Aug 10, 2014

Support Sporcle.
Go Orange.
Score 0/22 Timer 07:00
3 Plays Today
% Correct
Botticelli has replaced Leonardo
95.2%
Grey has replaced Black
93.6%
Monroe has replaced Jefferson
88.9%
Estonia has replaced Iceland
84.4%
Lake 'Ontaron' has replaced Lake 'Ontario'
81.4%
Paul has replaced Luke
79.6%
Truman has replaced Roosevelt
79.2%
Atlanta has replaced Arizona
76.2%
Scottish Terrier has replaced Yorkshire Terrier
70.2%
Godspell has replaced Jesus Christ Superstar
64.8%
Peru has replaced Chile
64.5%
% Correct
Clank has replaced Ratchet
63.2%
Two French Hens has replaced 'Three' French Hens
61.3%
Slovene has replaced Italian
55.3%
Herodotus (Greek historian) has replaced Hephaestus
54.2%
Fluorine has replaced Krypton
52.6%
Emily Brontë novel (Wuthering Heights) has replaced a Jane Austen novel
50.5%
'Central' News Network has replaced 'Cable' News Network
46.8%
Ringo Starr has replaced Pete Best
36.5%
Scene 4 (Roger Moore film - Moonraker) has replaced a Sean Connery film
34.4%
Turkmenistan has replaced Tajikistan
32.6%
Mr. Red has replaced Mr. White
27.4%

You're not logged in!

Compare scores with friends on all Sporcle quizzes.
OR
Log In

From the Vault

James Bond Movie By Plot Description

by DarkPhalanx

'Kills guy, drinks martini, drives away in cool car' will probably cover them all.
Remove Ads.
Support Sporcle.
Get the best of Sporcle when you Go Orange. This ad-free experience offers more features, more stats, and more fun while also helping to support Sporcle. Thank you for becoming a member.

Show Comments

Extras

Top Quizzes Today


Score Distribution

Your Account Isn't Verified!

In order to create a playlist on Sporcle, you need to verify the email address you used during registration. Go to your Sporcle Settings to finish the process.

Report this User

Report this user for behavior that violates our Community Guidelines.

Details: